000 01412cad a22002535a 4500
001 L140349
008 070919s2007 xxkd f 000 0 eng d
022 1 _a1464-648X
035 _a(Sirsi) u140349
041 0 _aeng
050 0 4 _a692.8 $2 18
100 1 _aPryke, Stephen
245 0 3 _aAn analytical Anglo-French comparative study of construction procurement and management strategies
_h[electronic resource]
260 _aLondon
_bRICS
_c2007
490 0 _aRICS Research Paper Series
_vMarch 2007
520 _aCompares the construction procurement system used by Peugeot cars in France, with the approach used in two UK construction projects, using Social Network Analysis (SNA). In particular, highlights the contractual relationships and the financial incentive relationships of the three projects. Also provides a general overview of procurement and project management issues in the UK and a comparison of procurement systems in the UK and France. Forms part of ongoing research into developing the use of SNA for the analysis of construction procurement and management.
590 _aKA
651 4 _aUnited Kingdom
_y
651 4 _aFrance
690 _aProcurement
_96260
710 2 _aRoyal Institution of Chartered Surveyors
_bResearch
_94902
856 4 0 _uhttps://www.rics.org/site/scripts/download_info.aspx?downloadID=2726
_zView the report free of charge at www.rics.org...
942 _n0
999 _c107488
_d107488